Online Catalogue and eLibrary

A new face of durga : (Record no. 2348)

MARC details
000 -LEADER
fixed length control field 00447nam a2200169Ia 4500
005 - DATE AND TIME OF LATEST TRANSACTION
control field 20240730022833.0
008 - FIXED-LENGTH DATA ELEMENTS--GENERAL INFORMATION
fixed length control field 240331s9999 xx 000 0 und d
020 ## - INTERNATIONAL STANDARD BOOK NUMBER
ISBN 8187644389
082 ## - DDC Classification
Item Number - Author Mark SHA
Class No. 294
100 ## - MAIN ENTRY--PERSONAL NAME
Personal name Shanmugalingam, N
245 #2 - TITLE STATEMENT
Title A new face of durga :
Remainder of title religious and social change in Sri Lanka
260 ## - PUBLICATION, DISTRIBUTION, ETC.
Place of publication, distribution, etc. New Delhi
Name of publisher, distributor, etc. Kalinga Publications
Date of publication, distribution, etc. 2002
300 ## - PHYSICAL DESCRIPTION
Extent (e.g. Volumes, Pages etc.) 199 p .,
650 ## - SUBJECT ADDED ENTRY--TOPICAL TERM
Topical term or geographic name entry element Religion
650 ## - SUBJECT ADDED ENTRY--TOPICAL TERM
Topical term or geographic name entry element Social
942 ## - Koha item type (Biblio)
Koha item type Books in Stacks (Lending)
Holdings
Lost status Damaged status Collection code Home library Current library Shelving location Date acquired Full call number Accession Number Item type
    Lending WERC Library WERC Library Social Science Cupboard 03/31/2024 294 SHA 4756 Books in Stacks (Lending)

© WERC Library